Seguridad social en el Grupo Andino /

Saved in:
Bibliographic Details
Main Author: Aparicio Valdez, Luis, 1930-
Format: Book
Language:Spanish
Published: Lima : Universidad del Pacifico [Centro de Investigacion], 1974.
Series:Serie derecho del trabajo ; 4
Subjects:
LEADER 00901nam a2200241 i 4500
001 c000255109
003 CARM
005 00000000000000.0
008 850228s1974 pe 000 0 spa d
019 1 |a 1754102  |5 LACONCORD2021 
035 |a (OCoLC)1309298  |5 LACONCORD2021 
041 0 |a spa 
043 |a cl----- 
082 0 4 |a 368.40098 
100 2 |a Aparicio Valdez, Luis,  |d 1930- 
245 1 0 |a Seguridad social en el Grupo Andino /  |c Luis Aparicio Valdez. 
260 |a Lima :  |b Universidad del Pacifico [Centro de Investigacion],  |c 1974. 
300 |a 122 p. 
440 0 |a Serie derecho del trabajo ;  |v 4 
650 0 |a Social security  |z Acuerdo de Cartagena countries. 
852 8 |b CARM  |h A1:AQ07E0  |i B07184  |p 0363994  |f BK 
999 f f |i 7decc056-049a-527a-82ae-aa78d1339ec9  |s 9260d200-4069-55e4-a26c-b4790d0a7f39 
952 f f |p Can circulate  |a CAVAL  |b CAVAL  |c CAVAL  |d CARM 1 Store  |e B07184  |f A1:AQ07E0  |h Other scheme  |i book  |m 0363994